000 00310nam a22001337a 4500
020 _a9788184898583
082 _a664.02
_bTOL/FD
100 _aToledo, Romeo. T
_9260
245 _aFundamentals of Food process Engineering
250 _a3
260 _aNew Delhi
_bSpringer
_c2011
300 _a579
942 _cBK
999 _c14199
_d14199